| Tag |
First Indicator |
Second Indicator |
Subfields |
| LEADER |
00000cgm a2200000Ma 4500 |
| 001 |
in00005539021 |
| 006 |
m o c |
| 007 |
vz |za|z| |
| 007 |
cr |n||||||||a |
| 008 |
140509s2006 enk014 e o vueng d |
| 005 |
20241201225712.6 |
| 035 |
|
|
|a (OCoLC)ocn890708708
|
| 040 |
|
|
|a ALSTP
|b eng
|e pn
|c ALSTP
|d OCLCF
|d OCLCQ
|d OCLCO
|d OCLCA
|d OCLCQ
|d INT
|d OCLCQ
|d WYU
|d OCLCO
|d OCLCL
|
| 020 |
|
|
|a 9781503424524
|
| 020 |
|
|
|a 1503424529
|
| 035 |
|
|
|a (OCoLC)890708708
|
| 043 |
|
|
|a e-uk---
|
| 049 |
|
|
|a TXAM
|
| 245 |
0 |
0 |
|a KS3/4 Science.
|p Demonstrating Biology :
|b aviflu /
|c produced by Glasshead Television and Web, in KS3/4 Science.
|
| 246 |
3 |
|
|a KS3/4 Science :
|b Demonstrating Biology : aviflu
|
| 260 |
|
|
|a [England] :
|b Teachers TV/UK Department of Education,
|c 2006.
|
| 300 |
|
|
|a 1 online resource (14 min.).
|
| 306 |
|
|
|a 001347
|
| 336 |
|
|
|a two-dimensional moving image
|b tdi
|2 rdacontent
|
| 337 |
|
|
|a computer
|b c
|2 rdamedia
|
| 338 |
|
|
|a online resource
|b cr
|2 rdacarrier
|
| 490 |
0 |
|
|a Teachers TV
|
| 500 |
|
|
|a Title from resource description page (viewed May 9, 2014).
|
| 520 |
|
|
|a Pupils at Garth Hill College are amazed to find out how quickly viruses can spread when they play a harmless but fun game of Aviflu with their classmates. Year 9 teacher Diane Wilson begins her lesson by getting her pupils to think about different types of viruses and then to come up with five questions to investigate avian flu. Each group looks at a different question, produces a poster and reports back to the class. Once finished Diane tells them that while they've been working she and Nigel Heslop, the creator of Aviflu, have aleady been playing the game on them without them knowing. Nigel explains that the game centres on simulating the transmission of the virus within the class using a harmless, invisible, fluorescent dye. A dusting of the dye is sprayed on the resources the pupils use which transfers to their hands, mimicking the way a virus can spread. Nigel outlines what's needed to play the game, how role-play makes it exciting and gives some tips on what works well.
|
| 521 |
|
|
|a For Secondary School audiences.
|
| 546 |
|
|
|a In English.
|
| 650 |
|
0 |
|a Science
|x Study and teaching (Secondary)
|z Great Britain.
|
| 650 |
|
0 |
|a Education
|x Curricula.
|
| 650 |
|
0 |
|a Biology
|x Study and teaching.
|
| 650 |
|
2 |
|a Curriculum
|
| 650 |
|
6 |
|a Sciences
|x Étude et enseignement (Secondaire)
|z Grande-Bretagne.
|
| 650 |
|
6 |
|a Programmes d'études.
|
| 650 |
|
6 |
|a Biologie
|x Étude et enseignement.
|
| 650 |
|
7 |
|a Biology
|x Study and teaching.
|2 fast
|0 (OCoLC)fst00832476
|
| 650 |
|
7 |
|a Education
|x Curricula.
|2 fast
|0 (OCoLC)fst00902556
|
| 650 |
|
7 |
|a Science
|x Study and teaching (Secondary)
|2 fast
|0 (OCoLC)fst01108482
|
| 651 |
|
7 |
|a Great Britain.
|2 fast
|0 (OCoLC)fst01204623
|1 https://id.oclc.org/worldcat/entity/E39PBJdmp7p3cx8hpmJ8HvmTpP
|
| 655 |
|
4 |
|a Online media.
|
| 655 |
|
7 |
|a Instructional television programs.
|2 fast
|0 (OCoLC)fst01726126
|
| 655 |
|
7 |
|a Instructional television programs.
|2 lcgft
|
| 655 |
|
7 |
|a Émissions pédagogiques télévisées.
|2 rvmgf
|
| 710 |
2 |
|
|a Glasshead Productions.
|4 prn
|
| 776 |
0 |
8 |
|i Original version:
|o C/1146/002
|
| 856 |
4 |
0 |
|u http://proxy.library.tamu.edu/login?url=https://www.aspresolver.com/aspresolver.asp?AVN2;1780719
|z Connect to this streaming video (Alexander Street Press)
|t 0
|
| 955 |
|
|
|a Alexander Street Press subscription streaming video
|
| 994 |
|
|
|a 92
|b TXA
|
| 999 |
f |
f |
|s 50e50af2-5070-4903-8c4a-721a2cd30462
|i cfd6737f-8c6f-49c6-81e9-a240980c5305
|t 0
|
| 952 |
f |
f |
|a Texas A&M University
|b College Station
|c Electronic Resources
|d Available Online
|t 0
|h Library of Congress classification
|
| 998 |
f |
f |
|t 0
|l Available Online
|